[Event "Bad Woerishofen op"]
[Site "?"]
[Date "2003.??.??"]
[Round "6"]
[White "Wiedermann, Franz"]
[Black "Duckstein, Torsten"]
[Result "1-0"]
[WhiteElo "2130"]
[BlackElo "1843"]
[Annotator "ChessOrg"]
[PlyCount "75"]

1. d4 d5 2. c4 e6 3. Nf3 Nf6 4. g3 Be7 5. Bg2 O-O 6. O-O dxc4 7. Qc2 a6 8. Qxc4
b5 9. Qc2 Bb7 10. Bg5 Be4 11. Qc1 Nbd7 12. Nbd2 Bb7 13. Nb3 h6 14. Bxf6 Nxf6
15. Na5 Bd5 16. Nc6 Qe8 17. Nfe5 Bd6 18. Qc2 Bxe5 19. dxe5 Nd7 20. Rfd1 Nb6 21.
Bxd5 exd5 22. Qc5 Qe6 23. Ne7+ Kh8 24. Nxd5 Qxe5 25. Qxc7 Qxc7 26. Nxc7 Ra7 27.
Nd5 Nc4 28. b3 Ne5 29. f4 Ng6 30. e4 Ne7 31. Rac1 Nxd5 32. exd5 Rd8 33. Rc6 a5
34. a3 b4 35. a4 Kg8 36. Kf2 Kf8 37. d6 Rad7 38. Rd5 1-0

[Event "Bad Woerishofen op"]
[Site "?"]
[Date "2003.??.??"]
[Round "6"]
[White "Damm, Fabian"]
[Black "Akstinat, Sven-Holger"]
[Result "0-1"]
[WhiteElo "2130"]
[BlackElo "1987"]
[Annotator "ChessOrg"]
[PlyCount "42"]

1. e4 e5 2. Nf3 Nc6 3. Bc4 Bc5 4. O-O d6 5. c3 Nf6 6. d3 O-O 7. Nbd2 a5 8. Re1
Be6 9. Bb5 Ng4 10. Re2 f5 11. Nf1 fxe4 12. dxe4 h6 13. Ng3 Rxf3 14. gxf3 Nxh2
15. Re1 Qh4 16. Be3 Rf8 17. Nf5 Qh3 18. Be2 Bxf5 19. exf5 Rxf5 20. Qd5+ Kf8 21.
Bd2 Bxf2+ 0-1

[Event "Bad Woerishofen op"]
[Site "?"]
[Date "2003.??.??"]
[Round "6"]
[White "Dintheer, Willi"]
[Black "Wegemund, Hubert"]
[Result "1/2-1/2"]
[WhiteElo "2098"]
[BlackElo "1790"]
[Annotator "ChessOrg"]
[PlyCount "104"]

1. d4 g6 2. e4 Bg7 3. Nc3 d6 4. Nf3 Nf6 5. Be2 O-O 6. Bg5 h6 7. Bh4 Nbd7 8. Qd2
c6 9. h3 b5 10. e5 Ne8 11. O-O dxe5 12. dxe5 Nc7 13. Rad1 Qe8 14. Rfe1 Nb6 15.
Ne4 Be6 16. Nf6+ exf6 17. exf6 Rd8 18. fxg7 Rxd2 19. gxf8=Q+ Qxf8 20. Rxd2 Nbd5
21. Red1 Qc5 22. Bg3 Na8 23. b3 b4 24. Be5 Nab6 25. a4 f6 26. Bd4 Qa5 27. Re1
Kf7 28. Bf1 Nf4 29. Kh2 Qh5 30. Rxe6 Kxe6 31. g4 Qd5 32. Kg3 Qe4 33. Bc5 Nbd5
34. Bxa7 Kf7 35. Bb8 h5 36. Nh4 Qe1 37. Bxf4 Nxf4 38. Bc4+ Ke7 39. Nxg6+ Ke8
40. Rd6 h4+ 41. Kf3 Qh1+ 42. Kxf4 Qh2+ 43. Kf3 Qxd6 44. Bd3 Qh2 45. Nf4 Qh1+
46. Ke2 Qh2 47. Ke3 Qh1 48. a5 Qe1+ 49. Ne2 Qh1 50. a6 Kd7 51. Nf4 Qe1+ 52. Ne2
Qh1 1/2-1/2

[Event "Bad Woerishofen op"]
[Site "?"]
[Date "2003.??.??"]
[Round "6"]
[White "Wachweger, Albrecht"]
[Black "Behl, Torsten"]
[Result "1-0"]
[WhiteElo "1850"]
[BlackElo "2094"]
[Annotator "ChessOrg"]
[PlyCount "113"]

1. e4 c5 2. c3 Nf6 3. d3 Nc6 4. Nf3 d6 5. h3 g6 6. Be2 Bg7 7. Be3 O-O 8. O-O h6
9. Nbd2 e5 10. Nh2 Nh7 11. f4 exf4 12. Bxf4 b5 13. Qb3 Rb8 14. Bg4 Ne5 15. Bxc8
Qb6 16. Qc2 Rbxc8 17. Ndf3 f5 18. exf5 Rxf5 19. Be3 Rcf8 20. Nh4 Rxf1+ 21. Rxf1
Rxf1+ 22. Kxf1 Qd8 23. N2f3 Qf6 24. d4 Nc4 25. Bf2 cxd4 26. Bxd4 Qxd4 27. Nxd4
Ne3+ 28. Ke2 Nxc2 29. Nxc2 Kf7 30. Kd3 Nf8 31. b3 Ke6 32. Nf3 a6 33. Nb4 a5 34.
Nc6 Kd5 35. Nxa5 Ne6 36. c4+ bxc4+ 37. bxc4+ Kc5 38. g3 Kb4 39. Nb7 Ka3 40.
Nxd6 Kxa2 41. Ke4 Nc7 42. Nb5 Na6 43. Nfd4 Kb2 44. Kd5 Kc1 45. Ke6 Nc5+ 46. Kf7
Be5 47. g4 g5 48. Kg6 Nd3 49. Kxh6 Bf4 50. Kg6 Nf2 51. c5 Kd2 52. Nf3+ Ke3 53.
Nxg5 Nd3 54. Ne6 Ke4 55. Nxf4 Nxf4+ 56. Kf6 Kd5 57. h4 1-0

[Event "Bad Woerishofen op"]
[Site "?"]
[Date "2003.??.??"]
[Round "6"]
[White "Harting, Andreas"]
[Black "Ries, Berthold"]
[Result "0-1"]
[WhiteElo "1841"]
[BlackElo "2087"]
[Annotator "ChessOrg"]
[PlyCount "145"]

1. e4 c5 2. c4 Nc6 3. Nc3 g6 4. d3 Bg7 5. g3 e6 6. Bg2 Nge7 7. Nge2 O-O 8. O-O
a6 9. Bg5 h6 10. Be3 Nd4 11. Qd2 Kh7 12. Bxd4 cxd4 13. Nb1 b5 14. Na3 Qb6 15.
cxb5 axb5 16. Qb4 Nc6 17. Qxb5 Qxb5 18. Nxb5 Rb8 19. a4 Ba6 20. Rfd1 Bxb5 21.
axb5 Rxb5 22. Rd2 Rfb8 23. Rb1 Nb4 24. Ra1 Nc6 25. Ra2 h5 26. h4 Bh6 27. f4 Rb3
28. Nc1 R3b6 29. e5 Bf8 30. Bxc6 dxc6 31. b3 Bb4 32. Rdc2 Rc8 33. Ra7 Bc3 34.
Kf2 Kg7 35. Rca2 Rcb8 36. Rc2 R8b7 37. Rca2 c5 38. Ke2 Rb5 39. R2a6 Rxa7 40.
Rxa7 Ra5 41. Rxa5 Bxa5 42. Kd1 Kf8 43. Ke2 Ke7 44. Kf3 Kd7 45. Ke2 Kc6 46. Kd1
Kb5 47. Ne2 Kb4 48. Kc2 Ka3 49. Kd1 Kxb3 50. Ng1 Kc3 51. Ke2 c4 52. dxc4 Kxc4
53. Nf3 d3+ 54. Kd1 Bd8 55. Kd2 Be7 56. Kd1 Kd5 57. Nd2 Kd4 58. Nb3+ Ke3 59.
Na5 Kf3 60. Nc6 Ba3 61. Kd2 Kxg3 62. Nd8 Kxh4 63. Kxd3 Kg3 64. Nxf7 Kxf4 65.
Nh8 Kf5 66. Ke3 Bb2 67. Nf7 Bxe5 68. Nh6+ Kf6 69. Ke4 Bd6 70. Kf3 Kg7 71. Ng4
hxg4+ 72. Kxg4 Kf6 73. Kf3 0-1

[Event "Bad Woerishofen op"]
[Site "?"]
[Date "2003.??.??"]
[Round "6"]
[White "Valent, Peter"]
[Black "Schiessl, Siegfried"]
[Result "0-1"]
[WhiteElo "2086"]
[BlackElo "1789"]
[Annotator "ChessOrg"]
[PlyCount "50"]

1. e4 g6 2. d4 Bg7 3. Nf3 c6 4. Bd3 d6 5. O-O Qc7 6. Be3 Nd7 7. c3 Ngf6 8. Qd2
O-O 9. h3 e5 10. Bh6 Re8 11. Bxg7 Kxg7 12. Re1 Nb6 13. Na3 Nh5 14. dxe5 dxe5
15. Bf1 Bd7 16. Rad1 Rad8 17. Qc1 Nf4 18. Nc2 Qc8 19. Kh2 h6 20. Nxe5 Nxg2 21.
Nxd7 Nxe1 22. Nxb6 Qc7+ 23. f4 Rxd1 24. Qxd1 Qxf4+ 25. Kh1 Qxf1+ 0-1

[Event "Bad Woerishofen op"]
[Site "?"]
[Date "2003.??.??"]
[Round "6"]
[White "Gajewski, Richard"]
[Black "Plank, Peter"]
[Result "0-1"]
[WhiteElo "1780"]
[BlackElo "2083"]
[Annotator "ChessOrg"]
[PlyCount "58"]

1. e4 d5 2. e5 c5 3. Bb5+ Bd7 4. c4 Bxb5 5. cxb5 e6 6. Qa4 Nd7 7. Nf3 a6 8. d3
Ne7 9. Bg5 Qb6 10. Nc3 Ng6 11. O-O d4 12. Ne2 Qxb5 13. Qxb5 axb5 14. b4 b6 15.
bxc5 bxc5 16. Rfb1 b4 17. Rb3 Be7 18. Bf4 Nxf4 19. Nxf4 O-O 20. a4 Ra6 21. Rb2
Rfa8 22. Rba2 b3 23. Ra3 c4 24. Nxd4 Bxa3 25. dxc4 Bb2 26. Rd1 Bxd4 27. Rxd4
Rxa4 28. g4 b2 29. Rxd7 b1=Q+ 0-1

[Event "Bad Woerishofen op"]
[Site "?"]
[Date "2003.??.??"]
[Round "6"]
[White "Friedrich, Wolfgang"]
[Black "Klein, Reinhard"]
[Result "1/2-1/2"]
[WhiteElo "2079"]
[BlackElo "1643"]
[Annotator "ChessOrg"]
[PlyCount "80"]

1. e4 c5 2. Nf3 e6 3. d3 b6 4. g3 Bb7 5. Bg2 Nc6 6. O-O g6 7. Re1 Bg7 8. Nc3 a6
9. Bd2 Nge7 10. Rb1 O-O 11. h4 d5 12. Qc1 d4 13. Ne2 f5 14. Ng5 Bc8 15. Nf4 Qd6
16. exf5 e5 17. fxg6 hxg6 18. Ne4 Qc7 19. Nh3 Bf5 20. Bh6 Qd7 21. Kh2 Ra7 22.
Bxg7 Kxg7 23. Qg5 Nd8 24. Qd2 Ne6 25. Neg5 Nc7 26. Rxe5 Ned5 27. Rbe1 Kg8 28.
Ng1 Raa8 29. c4 dxc3 30. bxc3 Rad8 31. Bh3 Bxh3 32. N1xh3 Nf6 33. Re7 Qd6 34.
Nf4 Ncd5 35. Nxd5 Qxd5 36. Ne6 Ng4+ 37. Kg1 Rxf2 38. Qxf2 Nxf2 39. Kxf2 Qf5+
40. Nf4 Rf8 1/2-1/2

[Event "Bad Woerishofen op"]
[Site "?"]
[Date "2003.??.??"]
[Round "6"]
[White "Schwarz, Gerd"]
[Black "Frank, Albert"]
[Result "0-1"]
[WhiteElo "1748"]
[BlackElo "2070"]
[Annotator "ChessOrg"]
[PlyCount "78"]

1. e4 c5 2. Nf3 a6 3. c3 Qa5 4. Be2 g6 5. O-O Bg7 6. d4 d6 7. Na3 Bg4 8. Nc4
Qc7 9. Ne3 Bxf3 10. Bxf3 e6 11. d5 e5 12. Bd2 Nd7 13. c4 Ne7 14. Rc1 O-O 15. b4
cxb4 16. Bxb4 Nc5 17. Qe2 f5 18. exf5 gxf5 19. Bxc5 Qxc5 20. g3 f4 21. Nd1 fxg3
22. hxg3 Nf5 23. Be4 Nxg3 24. Bxh7+ Kxh7 25. Qd3+ Nf5 26. Ne3 Qc8 27. Kg2 Kg8
28. Rh1 Nxe3+ 29. Qxe3 Qg4+ 30. Kf1 Qf3 31. Rh3 Qxe3 32. Rxe3 Rac8 33. Ke2 b5
34. Rg3 bxc4 35. Rcg1 Rf7 36. Rg6 Rd7 37. Re6 Rc5 38. Rd1 Kf7 39. f4 Rxd5 0-1

[Event "Bad Woerishofen op"]
[Site "?"]
[Date "2003.??.??"]
[Round "6"]
[White "Reichenbacher, Gerhard"]
[Black "Burkhardt, Wilfried"]
[Result "0-1"]
[WhiteElo "1742"]
[BlackElo "2062"]
[Annotator "ChessOrg"]
[PlyCount "94"]

1. e4 e6 2. d3 d5 3. Nd2 c5 4. Ngf3 Nf6 5. g3 Nc6 6. Bg2 Be7 7. O-O O-O 8. Re1
b5 9. e5 Nd7 10. Nf1 a5 11. a3 Ba6 12. h4 Nd4 13. Nxd4 cxd4 14. Qg4 Kh8 15.
Qxd4 Bc5 16. Qg4 b4 17. d4 Be7 18. axb4 axb4 19. Bg5 Bxg5 20. hxg5 Qb6 21. Ne3
Bb7 22. Rxa8 Bxa8 23. Bf1 Bc6 24. Bd3 g6 25. Qf4 Bb5 26. Kg2 Bxd3 27. cxd3 Kg7
28. Qh4 h5 29. gxh6+ Kh7 30. Qf4 f5 31. exf6 Rxf6 32. Qh4 Qd6 33. Ng4 Rf7 34.
Nh2 Qf8 35. Rxe6 Rxf2+ 36. Kg1 Rf7 37. Ng4 Rf1+ 38. Kh2 Rf7 39. Qg5 Kh8 40.
Rxg6 Rf2+ 41. Kh3 Rxb2 42. h7 Qf1+ 43. Kh4 Qh1+ 44. Nh2 Rxh2+ 45. Kg4 Qd1+ 46.
Kf5 Qxd3+ 47. Ke6 Nf8+ 0-1

[Event "Bad Woerishofen op"]
[Site "?"]
[Date "2003.??.??"]
[Round "6"]
[White "Holuba, Stefan"]
[Black "Martino-Gross, Peter"]
[Result "1/2-1/2"]
[WhiteElo "1737"]
[BlackElo "2053"]
[Annotator "ChessOrg"]
[PlyCount "82"]

1. e4 e6 2. d4 d5 3. Nc3 Bb4 4. a3 Bxc3+ 5. bxc3 dxe4 6. Qg4 Nf6 7. Qxg7 Rg8 8.
Qh6 Rg6 9. Qd2 Bd7 10. Ne2 Bc6 11. Nf4 Rg8 12. c4 e5 13. dxe5 Qxd2+ 14. Bxd2
Ng4 15. Bc3 e3 16. f3 Nf2 17. Rg1 Bxf3 18. Bd4 Be4 19. Bxe3 Ng4 20. Bd4 Nc6 21.
Bc3 O-O-O 22. Bd3 Bxd3 23. cxd3 Ngxe5 24. O-O-O Nd4 25. Rge1 Nec6 26. Re3 Rg4
27. g3 Rg5 28. Rde1 h5 29. Ne2 Rf5 30. Nxd4 Nxd4 31. Bxd4 Rxd4 32. Kc2 h4 33.
Kc3 Rd6 34. g4 Rf4 35. Re4 Rf3 36. R1e3 Rdf6 37. h3 R6f4 38. Kd4 Kd7 39. Rxf4
Rxf4+ 40. Ke5 Rf2 41. Ke4 Ke6 1/2-1/2

[Event "Bad Woerishofen op"]
[Site "?"]
[Date "2003.??.??"]
[Round "6"]
[White "Edel, Thomas"]
[Black "Klett, Thomas"]
[Result "1-0"]
[WhiteElo "2052"]
[BlackElo "1766"]
[Annotator "ChessOrg"]
[PlyCount "63"]

1. d4 Nf6 2. Nf3 e6 3. c4 Bb4+ 4. Nbd2 c5 5. a3 Bxd2+ 6. Bxd2 cxd4 7. Nxd4 O-O
8. Bb4 Re8 9. Nb5 d5 10. Nd6 a5 11. Nxe8 Nxe8 12. Bc3 Nc6 13. e3 Nf6 14. Bd3 e5
15. cxd5 Qxd5 16. f3 Qc5 17. Qe2 Nd5 18. Bd2 Be6 19. Be4 f5 20. Bxd5 Bxd5 21.
O-O Rd8 22. Rfc1 Qb6 23. Be1 e4 24. f4 Bb3 25. Rc3 a4 26. Rac1 Rd5 27. g4 fxg4
28. Qxg4 h5 29. Qe6+ Kh7 30. Qxe4+ Kh6 31. Bh4 g6 32. Qe8 1-0

[Event "Bad Woerishofen op"]
[Site "?"]
[Date "2003.??.??"]
[Round "6"]
[White "Schrinner, Stefan"]
[Black "Lamberger, Werner"]
[Result "0-1"]
[WhiteElo "1688"]
[BlackElo "2048"]
[Annotator "ChessOrg"]
[PlyCount "122"]

1. e4 c5 2. Nf3 Nc6 3. Bb5 g6 4. O-O Bg7 5. Bxc6 dxc6 6. h3 Nf6 7. d3 O-O 8.
Nc3 h6 9. Be3 b6 10. a4 a5 11. Qd2 Kh7 12. Rae1 Ne8 13. Ne2 Nc7 14. Nh2 Ne6 15.
f4 Nd4 16. Kh1 b5 17. Bxd4 cxd4 18. Ra1 Qb6 19. b3 Bd7 20. Ng3 c5 21. axb5 Bxb5
22. f5 a4 23. bxa4 Rxa4 24. fxg6+ fxg6 25. Rxa4 Rxf1+ 26. Ngxf1 Bxa4 27. Nf3
Qb1 28. Ne1 Bxc2 29. Kh2 Bxd3 30. Nxd3 Qxf1 31. Nxc5 Be5+ 32. g3 d3 33. Nxd3
Bd4 34. Qg2 Qxd3 35. h4 h5 36. Kh3 Qd1 37. Kh2 Qe1 38. Kh3 Qf2 39. Qxf2 Bxf2
40. g4 Kg7 41. gxh5 gxh5 42. Kg2 Bxh4 43. Kf3 Kf6 44. Kf4 Bg5+ 45. Kg3 Ke5 46.
Kf3 e6 47. Ke2 Kxe4 48. Kf2 Kd3 49. Ke1 e5 50. Kf2 e4 51. Ke1 h4 52. Kf2 Kd2
53. Kg2 e3 54. Kf3 e2 55. Kg4 e1=Q 56. Kxg5 h3 57. Kg4 Qe3 58. Kf5 Qd4 59. Ke6
Qc5 60. Kd7 Qb6 61. Ke7 Ke3 0-1

[Event "Bad Woerishofen op"]
[Site "?"]
[Date "2003.??.??"]
[Round "6"]
[White "Porubszki, Georg"]
[Black "Heinrich, Olaf"]
[Result "1-0"]
[WhiteElo "2044"]
[BlackElo "1751"]
[Annotator "ChessOrg"]
[PlyCount "103"]

1. d4 d5 2. Nf3 Nf6 3. Bf4 Bf5 4. c3 c6 5. Qb3 Qb6 6. Nbd2 Nbd7 7. h3 h6 8. Ne5
Nxe5 9. Bxe5 Ne4 10. f3 Nxd2 11. Kxd2 e6 12. e3 Kd7 13. Bd3 Bxd3 14. Kxd3 f6
15. Qxb6 axb6 16. Bg3 Bd6 17. Bxd6 Kxd6 18. e4 c5 19. Rhe1 Kd7 20. f4 h5 21. g3
Rhe8 22. a3 c4+ 23. Ke3 Re7 24. Kf3 Rae8 25. Rad1 Kc6 26. Re2 f5 27. exf5 exf5
28. Re5 Rxe5 29. fxe5 Re6 30. Kf4 Rg6 31. Re1 Kd7 32. h4 Ke6 33. Kf3 Ke7 34. b3
Rc6 35. Rb1 b5 36. bxc4 Rxc4 37. Rb3 Kf7 38. Kf4 b4 39. Rxb4 Rxc3 40. Rxb7+ Ke6
41. Rxg7 Rxa3 42. Rg6+ Kf7 43. Rf6+ Ke7 44. Rd6 Rb3 45. Rxd5 Rc3 46. Rc5 Rd3
47. d5 Rd4+ 48. Kxf5 Rg4 49. d6+ Kd7 50. Rc7+ Kd8 51. Rh7 Rxg3 52. e6 1-0

[Event "Bad Woerishofen op"]
[Site "?"]
[Date "2003.??.??"]
[Round "6"]
[White "Klaus, Daniel"]
[Black "Regatschnig, Horst"]
[Result "1-0"]
[WhiteElo "2033"]
[BlackElo "1740"]
[Annotator "ChessOrg"]
[PlyCount "99"]

1. e4 c5 2. Nf3 Nc6 3. d4 cxd4 4. Nxd4 Nf6 5. Nc3 e5 6. Ndb5 d6 7. Bg5 a6 8.
Na3 b5 9. Nd5 Be7 10. Bxf6 gxf6 11. c3 f5 12. Bd3 f4 13. Nc2 Be6 14. a4 Bxd5
15. exd5 Na7 16. Nb4 a5 17. Nc6 Nxc6 18. Bxb5 O-O 19. Bxc6 Rb8 20. Bb5 f5 21.
g4 Kh8 22. gxf5 Rxf5 23. Bd3 Rg5 24. Qc2 Qg8 25. O-O-O h6 26. Be4 Qf8 27. Qe2
Qf6 28. Kb1 Qf8 29. Bc2 Bf6 30. Qe4 Qe7 31. Rhg1 Rbg8 32. Rxg5 Rxg5 33. c4 Rg7
34. Ka2 Bh4 35. Rd2 Qc7 36. b3 Qc5 37. Qf5 Kg8 38. Qh5 Be7 39. Qe8+ Bf8 40.
Qe6+ Kh8 41. Qxh6+ Kg8 42. Bf5 Rf7 43. Qg6+ Bg7 44. Be6 Qc7 45. f3 Kf8 46.
Qxf7+ Qxf7 47. Bxf7 Kxf7 48. b4 axb4 49. a5 e4 50. fxe4 1-0

[Event "Bad Woerishofen op"]
[Site "?"]
[Date "2003.??.??"]
[Round "6"]
[White "Mueller, Wolfgang"]
[Black "Laurent, Michel"]
[Result "0-1"]
[WhiteElo "1574"]
[BlackElo "2012"]
[Annotator "ChessOrg"]
[PlyCount "60"]

1. e4 d6 2. d4 Nf6 3. Nd2 g6 4. Bc4 Bg7 5. Ngf3 O-O 6. b4 Nfd7 7. Rb1 Nc6 8. c3
e5 9. d5 Ne7 10. Ng5 Nb6 11. Bb3 Nexd5 12. Nxf7 Rxf7 13. exd5 Qg5 14. Rg1 e4
15. Nxe4 Qe5 16. f3 Qxh2 17. Be3 Bf5 18. Kd2 Re8 19. Ng5 Bxb1 20. Nxf7 Kxf7 21.
Qxb1 Bxc3+ 22. Kxc3 Rxe3+ 23. Kb2 Qe5+ 24. Ka3 Nc4+ 25. Ka4 b5+ 26. Kxb5 Na3+
27. Ka4 Nxb1 28. Rxb1 Rxb3 29. Rxb3 Qxd5 30. Rb2 Qc4 0-1

[Event "Bad Woerishofen op"]
[Site "?"]
[Date "2003.??.??"]
[Round "6"]
[White "Magar, Johannes"]
[Black "Dierich, Jochen"]
[Result "1-0"]
[WhiteElo "2124"]
[BlackElo "1876"]
[Annotator "ChessOrg"]
[PlyCount "85"]

1. e4 g6 2. d4 Bg7 3. Nc3 d6 4. Bg5 h6 5. Bh4 Nf6 6. f4 O-O 7. Qd2 c6 8. Bd3 b5
9. Nf3 a5 10. a3 Bg4 11. O-O Bxf3 12. Rxf3 Nh7 13. Ne2 c5 14. Bxb5 cxd4 15. Kh1
Qb6 16. a4 Qb7 17. Qd3 e5 18. fxe5 dxe5 19. Bc4 Kh8 20. Raf1 f6 21. Bd5 Nc6 22.
Qb5 Qxb5 23. axb5 Na7 24. b6 Nb5 25. Bxa8 Rxa8 26. Rb3 Nd6 27. Ra1 Nb7 28. Be1
f5 29. Rb5 fxe4 30. Rd5 Nf8 31. Bg3 Re8 32. b4 d3 33. bxa5 Nxa5 34. cxd3 exd3
35. Rdxa5 dxe2 36. R1a2 Rb8 37. Rb5 Nd7 38. b7 Rf8 39. h3 Rf1+ 40. Kh2 e1=Q 41.
Bxe1 Rxe1 42. Rd5 e4 43. Ra8+ 1-0

[Event "Bad Woerishofen op"]
[Site "?"]
[Date "2003.??.??"]
[Round "6"]
[White "Stojadinovic, Tomislav"]
[Black "Oud, Niek"]
[Result "0-1"]
[WhiteElo "1780"]
[BlackElo "2123"]
[Annotator "ChessOrg"]
[PlyCount "90"]

1. e4 c5 2. Nf3 Nc6 3. Bb5 Qb6 4. Nc3 e6 5. Bxc6 dxc6 6. d3 Nf6 7. O-O Be7 8.
a3 O-O 9. h3 a5 10. Be3 a4 11. Qd2 Qd8 12. Rfd1 b5 13. Qe2 Bb7 14. b3 axb3 15.
cxb3 Qa5 16. Qc2 Rfd8 17. Ne2 Nd7 18. e5 Qc7 19. Bf4 Nb6 20. Bg3 g6 21. d4 cxd4
22. Nexd4 Nd5 23. Ne2 Rxa3 24. Rxa3 Bxa3 25. Bh4 Be7 26. Bg3 c5 27. Nd2 Nb4 28.
Qb1 Qc6 29. f3 Qd5 30. Nf4 Qd4+ 31. Kh2 Bg5 32. Ne2 Qe3 33. Ne4 Bxe4 34. Rxd8+
Bxd8 35. Qd1 Qd3 36. Qc1 Qxe2 37. fxe4 Qc2 38. Qf1 Qd3 39. Qc1 Nc2 40. Qf4 Qxb3
41. Bh4 Bxh4 42. Qxh4 Qd3 43. Qe7 Ne3 44. Qxc5 Qxe4 45. Qxb5 Qxg2# 0-1

[Event "Bad Woerishofen op"]
[Site "?"]
[Date "2003.??.??"]
[Round "6"]
[White "Sakowski, Christian"]
[Black "Kluger, Norbert"]
[Result "1/2-1/2"]
[WhiteElo "1722"]
[BlackElo "2198"]
[Annotator "ChessOrg"]
[PlyCount "40"]

1. g3 d5 2. Bg2 Nf6 3. c4 c6 4. Qc2 g6 5. b3 Bg7 6. Bb2 O-O 7. Nf3 Bg4 8. O-O
Nbd7 9. d3 Re8 10. Nbd2 e5 11. e4 d4 12. h3 Bxf3 13. Nxf3 Nh5 14. b4 Qe7 15.
Qb3 Qd6 16. a4 Qc7 17. Ba3 b6 18. Rfb1 Bf8 19. Qc2 a5 20. b5 c5 1/2-1/2

[Event "Bad Woerishofen op"]
[Site "?"]
[Date "2003.??.??"]
[Round "6"]
[White "Bergmann, Thomas"]
[Black "Taufratshofer, Martin"]
[Result "1/2-1/2"]
[WhiteElo "1753"]
[BlackElo "2074"]
[Annotator "ChessOrg"]
[PlyCount "43"]

1. e4 d5 2. exd5 Qxd5 3. Nc3 Qa5 4. d4 c6 5. Nf3 Nf6 6. Bd2 Bf5 7. Bc4 e6 8.
O-O Qb6 9. Re1 Bd6 10. Bb3 O-O 11. Qe2 Nbd7 12. h3 a5 13. a4 Nd5 14. Ne4 Be7
15. Ng3 Bg6 16. h4 h6 17. h5 Bh7 18. Bxd5 cxd5 19. Bc1 Nf6 20. c3 Rfc8 21. Ne5
Qb3 22. Nxf7 1/2-1/2

[Event "Bad Woerishofen op"]
[Site "?"]
[Date "2003.??.??"]
[Round "6"]
[White "Pitl, Jarno"]
[Black "Beckert, Armin"]
[Result "1/2-1/2"]
[WhiteElo "2073"]
[BlackElo "1602"]
[Annotator "ChessOrg"]
[PlyCount "117"]

1. e4 c5 2. Nf3 e6 3. b3 Nc6 4. Bb2 d6 5. g3 Nf6 6. d3 e5 7. Bg2 Be7 8. O-O O-O
9. Nc3 h6 10. Nd2 Nd4 11. Nc4 Bg4 12. f3 Be6 13. Ne3 Rc8 14. f4 b5 15. f5 Bd7
16. Ncd5 Nxd5 17. Nxd5 f6 18. c3 Nc6 19. Qd2 a5 20. Rfd1 b4 21. d4 bxc3 22.
Bxc3 cxd4 23. Bxa5 Nxa5 24. Nxe7+ Qxe7 25. Qxa5 Bc6 26. Rdc1 Qb7 27. Qe1 d5 28.
Rc5 dxe4 29. Rac1 Qa6 30. a4 Bd7 31. Bxe4 Rxc5 32. Rxc5 Rc8 33. Bd5+ Kf8 34.
Qb4 Rxc5 35. Qxc5+ Ke8 36. Bc4 Qc6 37. Qa7 Qc8 38. a5 d3 39. Bxd3 Qc1+ 40. Bf1
Bxf5 41. Qb8+ Qc8 42. Qxc8+ Bxc8 43. a6 Kd8 44. b4 Kc7 45. b5 Kb6 46. Kf2 Be6
47. Bg2 Bd7 48. Bf1 g5 49. Kf3 Bf5 50. Ke3 Bg6 51. Bc4 Bf5 52. Kf3 Ka7 53. g4
Bg6 54. Ke3 Kb6 55. Be2 Bc2 56. Kd2 Be4 57. Kc3 Ba8 58. Bc4 Bf3 59. Be6 1/2-1/2

[Event "Bad Woerishofen op"]
[Site "?"]
[Date "2003.??.??"]
[Round "6"]
[White "Reichwald, Klaus-Dieter"]
[Black "Spenk, Willi"]
[Result "1/2-1/2"]
[WhiteElo "2027"]
[BlackElo "1570"]
[Annotator "ChessOrg"]
[PlyCount "58"]

1. e4 d6 2. d4 g6 3. Nf3 Bg7 4. Nc3 Nf6 5. Bc4 O-O 6. h3 a6 7. a4 Nbd7 8. O-O
e5 9. d5 Nc5 10. Re1 a5 11. Bg5 h6 12. Bh4 Bd7 13. Qd2 Qe8 14. Bxf6 Bxf6 15.
Qxh6 Bg7 16. Qd2 Nxa4 17. Nxa4 Bxa4 18. b3 Bd7 19. Rxa5 Rxa5 20. Qxa5 b6 21.
Qd2 f5 22. exf5 Bxf5 23. Nh4 Qd8 24. Nxf5 gxf5 25. f3 Qf6 26. Bb5 Bh6 27. Qe2
Bf4 28. g4 Qh4 29. Rf1 Be3+ 1/2-1/2

[Event "Bad Woerishofen op"]
[Site "?"]
[Date "2003.??.??"]
[Round "6"]
[White "Huhn, Ulrich"]
[Black "Natterer, Winfried"]
[Result "1-0"]
[WhiteElo "1980"]
[BlackElo "1493"]
[Annotator "ChessOrg"]
[PlyCount "92"]

1. d4 d5 2. Nc3 Nf6 3. Bg5 e6 4. e4 Be7 5. exd5 Nxd5 6. Bxe7 Qxe7 7. Bc4 Nxc3
8. bxc3 O-O 9. Nf3 b6 10. O-O Bb7 11. Bd3 Nd7 12. Qe2 Rac8 13. c4 Qf6 14. Be4
c6 15. Rfd1 Rfd8 16. Re1 h6 17. Rad1 Qf4 18. Qe3 Qd6 19. Nd2 Nf6 20. Nf3 Nxe4
21. Qxe4 Ba8 22. Qe3 c5 23. d5 exd5 24. cxd5 c4 25. Rd4 b5 26. Qd2 Bxd5 27. h3
Rc5 28. Re5 Qc6 29. c3 Rd7 30. Re8+ Kh7 31. Ne5 Qc7 32. Nxd7 Qxd7 33. Re5 Qc6
34. Rexd5 a5 35. Rxc5 Qxc5 36. Rd5 Qc6 37. Qd4 Qa6 38. Rd6 Qb7 39. Rd7 Qb8 40.
Rxf7 Qg8 41. Qe4+ Kh8 42. Qf5 b4 43. cxb4 axb4 44. Rf8 b3 45. axb3 cxb3 46.
Rxg8+ Kxg8 1-0

[Event "Bad Woerishofen op"]
[Site "?"]
[Date "2003.??.??"]
[Round "6"]
[White "Nepple, Rolf"]
[Black "Santner, Thomas"]
[Result "0-1"]
[WhiteElo "1570"]
[BlackElo "1969"]
[Annotator "ChessOrg"]
[PlyCount "86"]

1. e4 c5 2. Nf3 d6 3. d4 cxd4 4. Nxd4 Nf6 5. Nc3 a6 6. Bg5 e6 7. Bd3 Be7 8. Qe2
Nxe4 9. Bxe7 Nxc3 10. Bxd8 Nxe2 11. Bxe2 Kxd8 12. O-O-O Ke7 13. Rhe1 Nc6 14.
Bf3 Nxd4 15. Rxd4 Rb8 16. Rb4 b5 17. Re3 a5 18. Rf4 Bb7 19. a4 b4 20. b3 Rhc8
21. Kb2 g5 22. Rd4 e5 23. Rd1 Rc5 24. c3 Rxc3 25. Rxc3 bxc3+ 26. Kxc3 Bxf3 27.
gxf3 Ke6 28. Kc4 Rb4+ 29. Kc3 Rf4 30. Rd2 d5 31. Rd3 Kd6 32. Kb2 d4 33. Ka3 Kc5
34. Rd1 Rxf3 35. Rc1+ Rc3 36. Re1 Kd5 37. Rg1 h6 38. h4 f6 39. hxg5 hxg5 40.
Rh1 d3 41. Rh8 Ke4 42. Ra8 d2 43. Rxa5 d1=Q 0-1

[Event "Bad Woerishofen op"]
[Site "?"]
[Date "2003.??.??"]
[Round "6"]
[White "Seidel, Sandra"]
[Black "Mahrla, Hans"]
[Result "0-1"]
[WhiteElo "1814"]
[BlackElo "1479"]
[Annotator "ChessOrg"]
[PlyCount "176"]

1. d4 Nf6 2. Nf3 e6 3. e3 d5 4. Bd3 c5 5. c3 cxd4 6. exd4 Be7 7. Ne5 Nbd7 8. f4
h6 9. Nd2 Nxe5 10. fxe5 Nh7 11. Qg4 g6 12. O-O h5 13. Qg3 Bh4 14. Qf4 Qe7 15.
Nf3 g5 16. Qe3 g4 17. Nxh4 Qxh4 18. Qf4 Qe7 19. Qh6 Qf8 20. Qxf8+ Nxf8 21. Bg5
Bd7 22. Rf2 Rg8 23. Bh4 Ng6 24. Bg3 h4 25. Bxg6 hxg3 26. Bxf7+ Ke7 27. hxg3 Rg7
28. Bh5 Rh8 29. Bxg4 Rxg4 30. Rf3 Be8 31. Raf1 Rhg8 32. Kh2 R8g7 33. R1f2 Rh7+
34. Kg1 Rf7 35. Kh2 Rh7+ 36. Kg1 Bg6 37. Rf8 Be8 38. R8f3 Rh8 39. Re3 Rhg8 40.
Kh2 Bg6 41. Rf4 Bf5 42. Rxg4 Rxg4 43. Kg1 a6 44. Kf2 b5 45. a3 Kd7 46. Re1 Kc6
47. Rh1 Rg8 48. Rh4 Kd7 49. Rf4 Ke7 50. Rh4 Kf7 51. Rh1 Be4 52. Rh6 Bf5 53. Rh4
a5 54. Rh1 b4 55. axb4 axb4 56. Ra1 bxc3 57. bxc3 Rb8 58. Ra7+ Kg6 59. Rc7 Rb2+
60. Kf3 Be4+ 61. Kf4 Rxg2 62. Re7 Bf5 63. Kf3 Be4+ 64. Kf4 Rf2+ 65. Ke3 Rf3+
66. Ke2 Rxc3 67. Rxe6+ Kg7 68. Re7+ Kf8 69. Rb7 Rxg3 70. Ra7 Rd3 71. Ra4 Ke7
72. Ra7+ Ke6 73. Ra6+ Kf5 74. Rf6+ Kg5 75. Rf8 Rxd4 76. Ke3 Rc4 77. e6 Bg6 78.
Rd8 Re4+ 79. Kd2 Re5 80. e7 Kf5 81. Rd6 Bf7 82. Rd7 Kf6 83. Kd3 Rxe7 84. Rd6+
Ke5 85. Rd8 Bg6+ 86. Ke3 Be4 87. Rh8 Rf7 88. Rh5+ Rf5 0-1

[Event "Bad Woerishofen op"]
[Site "?"]
[Date "2003.??.??"]
[Round "6"]
[White "Haeuser, Marco"]
[Black "Schmitt, Karl"]
[Result "0-1"]
[WhiteElo "1398"]
[BlackElo "1829"]
[Annotator "ChessOrg"]
[PlyCount "56"]

1. c4 Nf6 2. Nc3 g6 3. g3 Bg7 4. Bg2 O-O 5. Nf3 c6 6. b3 d6 7. Bb2 e5 8. e4 h6
9. Rb1 Na6 10. d4 Qc7 11. d5 c5 12. a3 Qe7 13. h3 Ne8 14. O-O f5 15. Nd2 Nf6
16. Qe2 Bd7 17. Bc1 Rab8 18. Ra1 Kh7 19. Kh2 Nc7 20. Rb1 b5 21. Qe1 Nxe4 22.
Ncxe4 fxe4 23. Nxe4 bxc4 24. Bd2 cxb3 25. h4 Bb5 26. Rg1 Bd3 27. Rb2 Bc4 28. f4
Nxd5 0-1